书目信息 |
| 题名: |
高山探险
|
|
| 作者: | 周正 著 | |
| 分册: | ||
| 出版信息: | 郑州 河南科学技术出版社 1999.08 |
|
| 页数: | 293页 | |
| 开本: | 32开 | |
| 丛书名: | ||
| 单 册: | ||
| 中图分类: | G881 | |
| 科图分类: | ||
| 主题词: | 体育 | |
| 电子资源: | ||
| ISBN: | 7-5349-1842-1 | |
| 000 | 00518nam0 2200193 45 | |
| 001 | 0008020882 | |
| 005 | 20000802084412.5 | |
| 010 | @a7-5349-1842-1@d15.00元 | |
| 100 | @a20000802d1999 km y0chiy0120 ea | |
| 101 | 0 | @achi |
| 105 | @a z 000yy | |
| 200 | 1 | @a高山探险@AGao Shan Tan Xian@f周正 著@FZhou Zheng Zhu |
| 210 | @a郑州@c河南科学技术出版社@d1999.08 | |
| 215 | @a293页@d32开 | |
| 606 | 0 | @a体育 |
| 690 | @aG881@v3 | |
| 701 | 0 | @a周正@4著 |
| 801 | @aCN@bPftUser@c20000802 | |
| 905 | @b85476-480@dG881@eZH.285@f5 | |
| 高山探险/周正 著.-郑州:河南科学技术出版社,1999.08 |
| 293页;32开 |
| ISBN 7-5349-1842-1:15.00元 |
| ● |
| 相关链接 |
|
|
|
正题名:高山探险
索取号:G881/ZH.285
 
预约/预借
| 序号 | 登录号 | 条形码 | 馆藏地/架位号 | 状态 | 备注 |
| 1 | 85476 | 200854762 | 社科库409/409社科库 27排1列2层/ [索取号:G881/ZH.285] | 在馆 | |
| 2 | 85477 | 200854771 | 社科库409/409社科库 27排1列2层/ [索取号:G881/ZH.285] | 在馆 | |
| 3 | 85478 | 200854780 | 社科库409/409社科库 27排1列2层/ [索取号:G881/ZH.285] | 在馆 | |
| 4 | 85479 | 200854799 | 社科库409/409社科库 27排1列2层/ [索取号:G881/ZH.285] | 在馆 | |
| 5 | 85480 | 200854806 | 社科库409/409社科库 27排1列2层/ [索取号:G881/ZH.285] | 在馆 |